000 00652nam a22002417a 4500
003 UA-OsUOA
001 114117
007 ta
008 20151019b un ||||| |||| 00| 0 ukr d
100 _aЛисий В.
090 _a101.8(075.8)
_bЛ63
942 _cBK
040 _aUA-OsUOA
_bukr
_cUA-OsUOA
_dUA-OsUOA
245 _aДіалектика
_bнавчальний посібник
300 _a480 с.
955 _a2
041 _aukr
080 _a101.8(075.8)
020 _a978-617-10-0168-8
260 _aЛьвів
_bЛНУ ім. Івана Франка
_c2014
650 7 _a1 Філософські науки
_2UDC
999 _c400226
_d400226